<?xml version="1.0" encoding="UTF-8"?>
<record
    xmlns:xsi="http://www.w3.org/2001/XMLSchema-instance"
    xsi:schemaLocation="http://www.loc.gov/MARC21/slim http://www.loc.gov/standards/marcxml/schema/MARC21slim.xsd"
    xmlns="http://www.loc.gov/MARC21/slim">

  <leader>02518nam a2200421 a 4500</leader>
  <controlfield tag="001">Z_7026</controlfield>
  <controlfield tag="003">CHAP</controlfield>
  <controlfield tag="005">20250521113901.0</controlfield>
  <controlfield tag="007">ta</controlfield>
  <controlfield tag="008">220113t2015    mx a   fr     001 0 spa d</controlfield>
  <datafield tag="010" ind1=" " ind2=" ">
    <subfield code="a">170298</subfield>
  </datafield>
  <datafield tag="020" ind1=" " ind2=" ">
    <subfield code="a">978-607-17-2290-4</subfield>
  </datafield>
  <datafield tag="040" ind1=" " ind2=" ">
    <subfield code="a">Z</subfield>
    <subfield code="c">CHAP</subfield>
    <subfield code="e">rda</subfield>
  </datafield>
  <datafield tag="041" ind1="0" ind2=" ">
    <subfield code="b">Espa&#xF1;ol</subfield>
    <subfield code="f">Espa&#xF1;ol</subfield>
  </datafield>
  <datafield tag="082" ind1=" " ind2=" ">
    <subfield code="a">636.2086 </subfield>
    <subfield code="b">G84 2015</subfield>
    <subfield code="2">20</subfield>
  </datafield>
  <datafield tag="100" ind1="1" ind2=" ">
    <subfield code="a">Guerrero Rodr&#xED;guez, Alberto</subfield>
    <subfield code="9">146592</subfield>
    <subfield code="e">autor</subfield>
  </datafield>
  <datafield tag="245" ind1="1" ind2="0">
    <subfield code="a">Procesado del grano y de la fibra : </subfield>
    <subfield code="b">efectos sobre el metabolismo rumial /</subfield>
    <subfield code="c">Alberto Guerrero Rodr&#xED;guez y Jes&#xFA;s Fuentes Rodr&#xED;guez</subfield>
  </datafield>
  <datafield tag="250" ind1=" " ind2=" ">
    <subfield code="a">Primera edici&#xF3;n</subfield>
  </datafield>
  <datafield tag="264" ind1=" " ind2="1">
    <subfield code="a">M&#xE9;xico D.F. :</subfield>
    <subfield code="b">Trillas,</subfield>
    <subfield code="c">&#xA9;2015</subfield>
  </datafield>
  <datafield tag="300" ind1=" " ind2=" ">
    <subfield code="a">152 p&#xE1;ginas :</subfield>
    <subfield code="b">ilustraciones</subfield>
  </datafield>
  <datafield tag="336" ind1=" " ind2=" ">
    <subfield code="2">rdacontent</subfield>
    <subfield code="a">texto</subfield>
    <subfield code="b">txt</subfield>
  </datafield>
  <datafield tag="337" ind1=" " ind2=" ">
    <subfield code="2">rdamedia</subfield>
    <subfield code="a">sin medio</subfield>
    <subfield code="b">n</subfield>
  </datafield>
  <datafield tag="338" ind1=" " ind2=" ">
    <subfield code="2">rdacarrier</subfield>
    <subfield code="a">volumen</subfield>
    <subfield code="b">nc</subfield>
  </datafield>
  <datafield tag="500" ind1=" " ind2=" ">
    <subfield code="a">ej.1: consumo \ ej.2. consumo \ ej.3: consumo \ ej.4: consumo \ ej.5: consumo \ ej.6: S/N (sin sellos)</subfield>
  </datafield>
  <datafield tag="504" ind1=" " ind2=" ">
    <subfield code="a">Bibliograf&#xED;a: p&#xE1;ginas 131 - 145</subfield>
  </datafield>
  <datafield tag="505" ind1="0" ind2=" ">
    <subfield code="a">Introducci&#xF3;n -- Cap&#xED;tulo 1. El grano -- Cap&#xED;tulo 2. El procesamiento de granos -- Cap&#xED;tulo 3. Efectos del procesamiento del grano sobre el medio ruminal -- Cap&#xED;tulo 4. Fibra -- Conclusiones -- Bibliograf&#xED;a -- &#xCD;ndice onom&#xE1;stico -- &#xCD;ndice anal&#xED;tico.</subfield>
  </datafield>
  <datafield tag="520" ind1=" " ind2=" ">
    <subfield code="a">Los cereales, concentrados proteicos de origen animal y cultivos forrajeros representan las fuentes principales para el consumo de los rumiantes, por lo que los criaderos de este tipo de ganado se han visto en la necesidad de aumentar la calidad de esos nutrientes. En este libro se presentan los diferentes proceso que existen para optimizar el aprovechamiento de los alimentos mencionados; en general, lo referente a la digestibilidad de ciertos ingredientes, pero tambi&#xE9;n beneficios adicionales como mejorar el sabor, incrementar la eficiencia alimenticia, aumentar la densidad y renovar el manejo de los ingredientes. El objetivo de procesar los granos y fibras que han de alimentar a los rumiantes es facilitar el mezclado de ingredientes y el manejo y la distribuci&#xF3;n del pienso para elevar su valor nutritivo en beneficio de la producci&#xF3;n ganadera.</subfield>
  </datafield>
  <datafield tag="650" ind1="1" ind2="3">
    <subfield code="a">Rumiantes </subfield>
    <subfield code="x"> Alimentaci&#xF3;n y alimentos</subfield>
    <subfield code="9">139947</subfield>
  </datafield>
  <datafield tag="650" ind1="1" ind2="3">
    <subfield code="a">Piensos</subfield>
    <subfield code="9">88012</subfield>
  </datafield>
  <datafield tag="650" ind1="1" ind2="3">
    <subfield code="a">Procesado de piensos  </subfield>
    <subfield code="9">149848</subfield>
  </datafield>
  <datafield tag="650" ind1="1" ind2="3">
    <subfield code="a">Digestibilidad</subfield>
    <subfield code="9">144243</subfield>
  </datafield>
  <datafield tag="650" ind1="1" ind2="3">
    <subfield code="a">Ciencia de forrajes y piensos  </subfield>
    <subfield code="9">149843</subfield>
  </datafield>
  <datafield tag="700" ind1="1" ind2=" ">
    <subfield code="a">Fuentes Rodr&#xED;guez, Jes&#xFA;s</subfield>
    <subfield code="9">146595</subfield>
    <subfield code="e">autor</subfield>
  </datafield>
  <datafield tag="901" ind1=" " ind2=" ">
    <subfield code="a">636.2086 G84 2015</subfield>
  </datafield>
  <datafield tag="902" ind1=" " ind2=" ">
    <subfield code="a">M</subfield>
  </datafield>
  <datafield tag="910" ind1=" " ind2=" ">
    <subfield code="a">2015</subfield>
  </datafield>
  <datafield tag="942" ind1=" " ind2=" ">
    <subfield code="2">ddc</subfield>
    <subfield code="c">LIBRO</subfield>
  </datafield>
  <datafield tag="999" ind1=" " ind2=" ">
    <subfield code="c">170298</subfield>
    <subfield code="d">170298</subfield>
  </datafield>
  <datafield tag="952" ind1=" " ind2=" ">
    <subfield code="0">0</subfield>
    <subfield code="1">0</subfield>
    <subfield code="2">ddc</subfield>
    <subfield code="4">0</subfield>
    <subfield code="5">1</subfield>
    <subfield code="7">0</subfield>
    <subfield code="8">GRAL</subfield>
    <subfield code="a">Z</subfield>
    <subfield code="b">Z</subfield>
    <subfield code="d">2019-05-09</subfield>
    <subfield code="e">Compra</subfield>
    <subfield code="i">Consumo</subfield>
    <subfield code="o">636.2086  G84 2015</subfield>
    <subfield code="p">z_7276</subfield>
    <subfield code="r">2022-01-18 00:00:00</subfield>
    <subfield code="t">Ej.1</subfield>
    <subfield code="w">2022-01-18</subfield>
    <subfield code="y">LIBRO</subfield>
  </datafield>
  <datafield tag="952" ind1=" " ind2=" ">
    <subfield code="0">0</subfield>
    <subfield code="1">0</subfield>
    <subfield code="2">ddc</subfield>
    <subfield code="4">0</subfield>
    <subfield code="5">5</subfield>
    <subfield code="7">0</subfield>
    <subfield code="8">GRAL</subfield>
    <subfield code="a">Z</subfield>
    <subfield code="b">Z</subfield>
    <subfield code="d">2019-05-09</subfield>
    <subfield code="e">Compra</subfield>
    <subfield code="i">Consumo</subfield>
    <subfield code="o">636.2086  G84 2015</subfield>
    <subfield code="p">z_7277</subfield>
    <subfield code="r">2022-01-18 00:00:00</subfield>
    <subfield code="t">Ej.2</subfield>
    <subfield code="w">2022-01-18</subfield>
    <subfield code="y">LIBRO</subfield>
  </datafield>
  <datafield tag="952" ind1=" " ind2=" ">
    <subfield code="0">0</subfield>
    <subfield code="1">0</subfield>
    <subfield code="2">ddc</subfield>
    <subfield code="4">0</subfield>
    <subfield code="5">5</subfield>
    <subfield code="7">0</subfield>
    <subfield code="8">GRAL</subfield>
    <subfield code="a">Z</subfield>
    <subfield code="b">Z</subfield>
    <subfield code="d">2019-05-09</subfield>
    <subfield code="e">Compra</subfield>
    <subfield code="i">Consumo</subfield>
    <subfield code="o">636.2086  G84 2015</subfield>
    <subfield code="p">z_7278</subfield>
    <subfield code="r">2022-01-18 00:00:00</subfield>
    <subfield code="t">Ej.3</subfield>
    <subfield code="w">2022-01-18</subfield>
    <subfield code="y">LIBRO</subfield>
  </datafield>
  <datafield tag="952" ind1=" " ind2=" ">
    <subfield code="0">0</subfield>
    <subfield code="1">0</subfield>
    <subfield code="2">ddc</subfield>
    <subfield code="4">0</subfield>
    <subfield code="5">5</subfield>
    <subfield code="7">0</subfield>
    <subfield code="8">GRAL</subfield>
    <subfield code="a">Z</subfield>
    <subfield code="b">Z</subfield>
    <subfield code="d">2019-05-09</subfield>
    <subfield code="e">Compra</subfield>
    <subfield code="i">Consumo</subfield>
    <subfield code="o">636.2086  G84 2015</subfield>
    <subfield code="p">z_7279</subfield>
    <subfield code="r">2022-01-18 00:00:00</subfield>
    <subfield code="t">Ej.4</subfield>
    <subfield code="w">2022-01-18</subfield>
    <subfield code="y">LIBRO</subfield>
  </datafield>
  <datafield tag="952" ind1=" " ind2=" ">
    <subfield code="0">0</subfield>
    <subfield code="1">0</subfield>
    <subfield code="2">ddc</subfield>
    <subfield code="4">0</subfield>
    <subfield code="5">5</subfield>
    <subfield code="7">0</subfield>
    <subfield code="8">GRAL</subfield>
    <subfield code="a">Z</subfield>
    <subfield code="b">Z</subfield>
    <subfield code="d">2019-05-09</subfield>
    <subfield code="e">Compra</subfield>
    <subfield code="i">Consumo</subfield>
    <subfield code="l">1</subfield>
    <subfield code="o">636.2086  G84 2015</subfield>
    <subfield code="p">z_7280</subfield>
    <subfield code="r">2023-03-03 00:00:00</subfield>
    <subfield code="s">2023-03-03</subfield>
    <subfield code="t">Ej.5</subfield>
    <subfield code="w">2022-01-18</subfield>
    <subfield code="y">LIBRO</subfield>
  </datafield>
  <datafield tag="952" ind1=" " ind2=" ">
    <subfield code="0">0</subfield>
    <subfield code="1">0</subfield>
    <subfield code="2">ddc</subfield>
    <subfield code="4">0</subfield>
    <subfield code="5">2</subfield>
    <subfield code="7">0</subfield>
    <subfield code="8">GRAL</subfield>
    <subfield code="a">BC</subfield>
    <subfield code="b">BC</subfield>
    <subfield code="c">PP_GRAL</subfield>
    <subfield code="d">2023-07-03</subfield>
    <subfield code="l">0</subfield>
    <subfield code="o">636.2086 G84</subfield>
    <subfield code="p">33724002575272</subfield>
    <subfield code="r">2023-07-03 00:00:00</subfield>
    <subfield code="w">2023-07-03</subfield>
    <subfield code="y">LIBRO</subfield>
  </datafield>
  <datafield tag="952" ind1=" " ind2=" ">
    <subfield code="0">0</subfield>
    <subfield code="1">0</subfield>
    <subfield code="2">ddc</subfield>
    <subfield code="4">0</subfield>
    <subfield code="5">2</subfield>
    <subfield code="7">0</subfield>
    <subfield code="8">GRAL</subfield>
    <subfield code="a">BC</subfield>
    <subfield code="b">BC</subfield>
    <subfield code="c">PP_GRAL</subfield>
    <subfield code="d">2023-07-03</subfield>
    <subfield code="l">0</subfield>
    <subfield code="o">636.2086 G84</subfield>
    <subfield code="p">33724002575314</subfield>
    <subfield code="r">2023-07-03 00:00:00</subfield>
    <subfield code="t">c.2</subfield>
    <subfield code="w">2023-07-03</subfield>
    <subfield code="y">LIBRO</subfield>
  </datafield>
  <datafield tag="952" ind1=" " ind2=" ">
    <subfield code="0">0</subfield>
    <subfield code="1">0</subfield>
    <subfield code="2">ddc</subfield>
    <subfield code="4">0</subfield>
    <subfield code="5">1</subfield>
    <subfield code="7">0</subfield>
    <subfield code="8">GRAL</subfield>
    <subfield code="a">Z</subfield>
    <subfield code="b">Z</subfield>
    <subfield code="d">2020-12-10</subfield>
    <subfield code="e">Compra Directa Factura No. BF7ADFFB651D</subfield>
    <subfield code="i">S/N</subfield>
    <subfield code="l">0</subfield>
    <subfield code="o">636.2086  G84 2015</subfield>
    <subfield code="p">5102007562</subfield>
    <subfield code="r">2025-03-28 15:51:36</subfield>
    <subfield code="t">Ej.6</subfield>
    <subfield code="w">2025-03-28</subfield>
    <subfield code="y">LIBRO</subfield>
  </datafield>
</record>
